[Event "GER OL-248 email"]
[Site "GER email"]
[Date "2009.??.??"]
[Round "?"]
[White "Maier, Egon"]
[Black "Schmiederer, Helmut"]
[Result "1-0"]
[WhiteElo "1640"]
[BlackElo "1640"]
[PlyCount "65"]
[EventDate "2009.??.??"]
[EventType "tourn (corr)"]
[EventRounds "6"]
[EventCountry "GER"]
[SourceTitle "Corr 2011"]
[Source "ChessBase"]
[SourceDate "2010.08.31"]
[SourceVersion "1"]
[SourceVersionDate "2010.08.31"]
[SourceQuality "1"]

1. d4 g6 2. e4 Bg7 3. Nf3 c6 4. Nc3 d5 5. e5 Nh6 6. Bd3 0-0 7. 0-0 Nf5 8. Bf4 a5 9. Ne2 b6 10. c3 c5 11. Qd2 e6 12. Bxf5 exf5 13. Bg5 f6 14. exf6 Bxf6 15. dxc5 Bxg5 16. Nxg5 bxc5 17. Nf4 Ra6 18. Qxd5+ Qxd5 19. Nxd5 h6 20. Nf3 Bb7 21. Rad1 Re6 22. Rfe1 Rxe1+ 23. Nxe1 Kf7 24. Nb6 Kg7 25. Na4 Rc8 26. Nd3 c4 27. Ne5 Ba6 28. f4 g5 29. Rd5 gxf4 30. Nb6 Rc7 31. Rxa5 Kh7 32. Kf2 h5 33. Kf3 1-0